Evolución histórica de América Latina
Uloženo v:
| Hlavní autor: | |
|---|---|
| Médium: | Kniha |
| Jazyk: | španělština |
| Vydáno: |
Buenos Aires, Argentina
Eudeba
1972
|
| Témata: | |
| Tagy: |
Přidat tag
Žádné tagy, Buďte první, kdo vytvoří štítek k tomuto záznamu!
|
MARC
| LEADER | 00000nam a2200000 a 4500 | ||
|---|---|---|---|
| 001 | UCO2815 | ||
| 003 | CL-VaPUC | ||
| 005 | 20230904105912.0 | ||
| 008 | 000608e19720000AG |||||||||||||||||spa|d | ||
| 999 | |c 289310 |d 289308 | ||
| 040 | |c Pontificia Universidad Católica de Valparaíso | ||
| 082 | 0 | 4 | |a 980 HER 1972 |2 21 |
| 100 | |a Herring, Hubert |e author |9 593952 | ||
| 245 | 1 | 0 | |a Evolución histórica de América Latina |
| 260 | |a Buenos Aires, Argentina |b Eudeba |c 1972 | ||
| 300 | |a 2 volúmenes | ||
| 583 | |a last modification |c 20000608 00:00:00 |k Rodrigo Vera | ||
| 650 | 0 | |a Historia de América |9 266076 | |
| 650 | 0 | |a América Precolombina |9 446253 | |
| 650 | 0 | |a Descubrimiento y Conquista de América |9 446281 | |
| 650 | 0 | |a Independencia Americana |9 395691 | |
| 651 | 0 | |a América Latina |9 255027 | |
| 852 | |a BIBCUR | ||
| 942 | |c BK |2 ddc | ||
| 945 | |d 20000608 00:00:00 |a rherrera | ||
| 952 | |0 0 |1 0 |2 ddc |4 0 |6 980_000000000000000_HER_1972 |7 0 |8 A |9 337592 |a BIBHIS |b BIBHIS |d 2019-11-20 |h v.1 |i 1287745 |o 980 HER 1972 |p 1287745 |r 2025-01-20 |t 1 |w 2019-11-20 |y BK |k HIS | ||
| 952 | |0 0 |1 0 |2 ddc |4 0 |6 980_000000000000000_HER_1972 |7 0 |8 A |9 337593 |a BIBHIS |b BIBHIS |d 2019-11-20 |h v.2 |i 1287753 |o 980 HER 1972 |p 1287753 |r 2025-01-20 |t 1 |w 2019-11-20 |y BK |k HIS | ||